উত্তরাধিকার / (Record no. 6041)
[ view plain ]
| 000 -LEADER | |
|---|---|
| fixed length control field | 00673nam a22001817a 4500 |
| 003 - CONTROL NUMBER IDENTIFIER | |
| control field | BUBTL |
| 008 - FIXED-LENGTH DATA ELEMENTS--GENERAL INFORMATION | |
| fixed length control field | 190508b xxu||||| |||| 00| 0 eng d |
| 020 ## - INTERNATIONAL STANDARD BOOK NUMBER | |
| International Standard Book Number | 81-7293-001-1 |
| 082 ## - DEWEY DECIMAL CLASSIFICATION NUMBER | |
| Classification number | 891.443 / M2891u |
| 100 ## - MAIN ENTRY--PERSONAL NAME | |
| 9 (RLIN) | 2326 |
| Personal name | মজুমদার, সমরেশ |
| 245 ## - TITLE STATEMENT | |
| Title | উত্তরাধিকার / |
| Statement of responsibility, etc. | সমরেশ মজুমদার |
| 260 ## - PUBLICATION, DISTRIBUTION, ETC. (IMPRINT) | |
| Place of publication, distribution, etc. | কলকাতা : |
| Name of publisher, distributor, etc. | মিত্র ও ঘোষ পাবলিশার্স প্রা: লি:, |
| Date of publication, distribution, etc. | c1979 |
| 300 ## - PHYSICAL DESCRIPTION | |
| Extent | 372 p. : |
| Dimensions | 24 cm. |
| 650 #0 - SUBJECT ADDED ENTRY--TOPICAL TERM | |
| 9 (RLIN) | 1691 |
| Topical term or geographic name as entry element | বাংলা সাহিত্য |
| 856 ## - ELECTRONIC LOCATION AND ACCESS | |
| Password | 0 |
| Logon | 0 |
| Link text | Download |
| 942 ## - ADDED ENTRY ELEMENTS (KOHA) | |
| Source of classification or shelving scheme | |
| Koha item type | Books |
| Withdrawn status | Lost status | Source of classification or shelving scheme | Damaged status | Not for loan | Collection code | Permanent location | Current location | Shelving location | Date acquired | Inventory number | Total Checkouts | Total Renewals | Full call number | Barcode | Date last seen | Date last checked out | Copy number | Price effective from | Koha item type | Source of acquisition |
|---|---|---|---|---|---|---|---|---|---|---|---|---|---|---|---|---|---|---|---|---|
| Fiction | Bangladesh University of Business and Technology Library | Bangladesh University of Business and Technology Library | Fiction | 10/10/2016 | 22400 | 7 | 3 | 891.443 / MAU | BUBTL-200322400 | 09/19/2023 | 09/12/2023 | C-1 | 05/08/2019 | Books | ||||||
| Fiction | Bangladesh University of Business and Technology Library | Bangladesh University of Business and Technology Library | Fiction | 10/10/2016 | 22399 | 5 | 891.443 / M2891u | BUBTL-200322399 | 05/11/2024 | 05/02/2024 | C-2 | 01/21/2020 | Books | Purchase |
